Roma y Atenas en la Edad Media y otros ensayos / (Record no. 75348)

MARC details
000 -LEADER
campo de control de longitud fija 00879nam a2200241 i 4500
001 - NÚMERO DE CONTROL
campo de control 75348
003 - IDENTIFICADOR DE NÚMERO DE CONTROL
campo de control ES-MaACL
005 - FECHA Y HORA DE LA ÚLTIMA TRANSACCIÓN
campo de control 20250905123708.0
007 - CAMPO FIJO DE DESCRIPCIÓN FÍSICA--INFORMACIÓN GENERAL
campo de control de longitud fija t|
008 - DATOS DE LONGITUD FIJA--INFORMACIÓN GENERAL
campo de control de longitud fija 040923s1946 mx ||||1| spa d
100 1# - ENTRADA PRINCIPAL--NOMBRE DE PERSONA
Nombre de persona Gregorovius, Ferdinand.
9 (RLIN) 59911
245 10 - MENCIÓN DEL TÍTULO
Título Roma y Atenas en la Edad Media y otros ensayos /
Mención de responsabilidad, etc. Ferdinand Gregorovius ; prólogo y traducción de Wenceslao Roces.
250 ## - MENCION DE EDICION
Mención de edición 1ª ed.
260 ## - PUBLICACIÓN, DISTRIBUCIÓN, ETC.
Lugar de publicación, distribución, etc. México :
Nombre del editor, distribuidor, etc. Fondo de Cultura Económica,
Fecha de publicación, distribución, etc. 1946 (
Fabricante Gráf. Panamericana)
300 ## - DESCRIPCIÓN FÍSICA
Extensión 417 p., 8 lám. ;
Dimensiones 24 cm.
650 #4 - PUNTO DE ACCESO ADICIONAL DE MATERIA--TÉRMINO DE MATERIA
Término de materia o nombre geográfico como elemento de entrada Iglesia y Estado-
Subdivisión geográfica Sacro Imperio Romano Germánico.
9 (RLIN) 165472
650 #7 - PUNTO DE ACCESO ADICIONAL DE MATERIA--TÉRMINO DE MATERIA
Término de materia o nombre geográfico como elemento de entrada Arte italiano
Fuente del encabezamiento o término embne
9 (RLIN) 155745
651 #4 - PUNTO DE ACCESO ADICIONAL DE MATERIA--NOMBRE GEOGRÁFICO
Nombre geográfico Roma (Ciudad)-
Subdivisión general Historia-
Subdivisión cronológica 476-1420.
9 (RLIN) 165473
651 #4 - PUNTO DE ACCESO ADICIONAL DE MATERIA--NOMBRE GEOGRÁFICO
Nombre geográfico Atenas-
Subdivisión general Historia.
9 (RLIN) 141118
700 1# - ENTRADA AGREGADA--NOMBRE PERSONAL
Nombre de persona Roces, Wenceslao,
Fechas asociadas al nombre 1897-1992
9 (RLIN) 98039
852 ## - LOCALIZACIÓN
Ubicación ES-MaACL
Número de control de estantería D-7255
Holdings
Estatus retirado Estado de pérdida Estado de daño No para préstamo Biblioteca de origen Biblioteca actual Ubicación en estantería Fecha de adquisición Fuente de adquisición Total de préstamos Signatura topográfica completa Código de barras Visto por última vez Precio de reemplazo Tipo de ítem Koha
        Biblioteca del Ateneo de Madrid Biblioteca del Ateneo de Madrid Sala Valle Inclán 17/01/2008     D-7255 901078864 23/02/2023 23/02/2023 Libro impreso